[Event "2. Copenhagen Open Politiken Cup"]
[Site "Brndby"]
[Date "1980.??.??"]
[Round "8"]
[White "Smyslov, Vassily"]
[Black "Mestel, Jonathan"]
[Result "1-0"]
[WhiteElo "2550"]
[BlackElo "2485"]
[PlyCount "123"]
[EventDate "1980.??.??"]
[EventType "swiss"]
[EventRounds "10"]
[EventCountry "DEN"]
[SourceDate "2004.01.01"]

1. Nf3 Nf6 2. g3 g6 3. Bg2 Bg7 4. O-O O-O 5. d4 d6 6. Nc3 Nbd7 7. a4 a5 8. e4
e5 9. dxe5 dxe5 10. b3 Re8 11. Ba3 b6 12. Qd2 Ba6 13. Rfe1 Bf8 14. Bxf8 Nxf8
15. Rad1 Qxd2 16. Rxd2 Kg7 17. Bf1 Bxf1 18. Kxf1 N6d7 19. Nb5 Rac8 20. Nh4 Nc5
21. f3 Nfe6 22. Red1 Nb7 23. Kf2 Rcd8 24. Ke3 Rxd2 25. Rxd2 Rd8 26. Rxd8 Nbxd8
27. f4 Nc6 28. Nf3 Kf6 29. c3 h6 30. h3 exf4+ 31. gxf4 Nb8 32. Nh2 h5 33. Nf3
Na6 34. h4 Nac5 35. Nd2 Ke7 36. f5 gxf5 37. exf5 Ng7 38. Kf4 Kf6 39. Nxc7 Nxf5
40. Nd5+ Ke6 41. Nxb6 Nxh4 42. Nbc4 Kf6 43. Nxa5 Ng6+ 44. Ke3 Ne5 45. Kd4 Ne6+
46. Kd5 Nf4+ 47. Kd6 h4 48. Nc6 Ng4 49. a5 h3 50. Nf1 Nf2 51. c4 Ne4+ 52. Kc7
Ne6+ 53. Kb6 N6c5 54. b4 Nd2 55. Nh2 Na4+ 56. Kb5 Nc3+ 57. Kc5 Ke6 58. b5 Nce4+
59. Kb4 Kd6 60. a6 Kc7 61. c5 Nb3 62. Nd8 1-0

[Event "2. Copenhagen Open Politiken Cup"]
[Site "Brndby"]
[Date "1980.??.??"]
[Round "8"]
[White "Wicker, Kevin J"]
[Black "Larsen, Ernst"]
[Result "1-0"]
[WhiteElo "2340"]
[BlackElo "2200"]
[PlyCount "61"]
[EventDate "1980.??.??"]
[EventType "swiss"]
[EventRounds "10"]
[EventCountry "DEN"]
[SourceDate "2004.01.01"]

1. e4 d5 2. exd5 Qxd5 3. Nc3 Qa5 4. Bc4 Nf6 5. Nge2 Nc6 6. d3 Bd7 7. Bd2 Qf5 8.
Ng3 Qg4 9. Nce2 e5 10. h3 Qh4 11. Be3 Bb4+ 12. c3 Ba5 13. Qd2 h6 14. Ng1 Nh7
15. Nf3 Qe7 16. O-O-O O-O-O 17. Rhe1 Be6 18. Qc2 Bxc4 19. dxc4 Rxd1+ 20. Rxd1
Bb6 21. Qf5+ Kb8 22. Bxb6 axb6 23. Rd7 Qc5 24. Qxf7 Qxf2 25. Qxg7 Rc8 26. Rd2
Qc5 27. Qxh7 Qxc4 28. Kb1 Qf4 29. Ne2 Qe3 30. Nc1 Qf4 31. Re2 1-0

[Event "2. Copenhagen Open Politiken Cup"]
[Site "Brndby"]
[Date "1980.??.??"]
[Round "9"]
[White "Angantysson, Haukur"]
[Black "Pokojowczyk, Jerzy"]
[Result "1-0"]
[WhiteElo "2425"]
[BlackElo "2380"]
[PlyCount "79"]
[EventDate "1980.??.??"]
[EventType "swiss"]
[EventRounds "10"]
[EventCountry "DEN"]
[SourceDate "2004.01.01"]

1. e4 e5 2. Nf3 Nc6 3. Bb5 a6 4. Ba4 Nf6 5. O-O Nxe4 6. d4 b5 7. Bb3 d5 8. dxe5
Be6 9. Nbd2 Nc5 10. c3 d4 11. Ng5 Nxb3 12. Nxe6 fxe6 13. Qxb3 Qd5 14. Qxd5 exd5
15. Nf3 dxc3 16. bxc3 Be7 17. Rd1 O-O-O 18. a4 Rhf8 19. axb5 axb5 20. Rb1 Rf5
21. Rxb5 Nxe5 22. Nd4 Rf7 23. f4 Nc4 24. f5 Bf6 25. Ne6 c6 26. Rc5 Re8 27.
Rxc6+ Kb7 28. Rc5 g6 29. g4 gxf5 30. gxf5 Nb6 31. Be3 Rd7 32. Rb5 Rd6 33. Bc5
Rdxe6 34. fxe6 Kc6 35. Rdb1 Nc4 36. Bd4 Rxe6 37. Rc5+ Kd6 38. Ra1 Bxd4+ 39.
cxd4 Rg6+ 40. Kf2 1-0

[Event "2. Copenhagen Open Politiken Cup"]
[Site "Brndby"]
[Date "1980.??.??"]
[Round "9"]
[White "Auchenberg, Per"]
[Black "Wicker, Kevin J"]
[Result "1-0"]
[WhiteElo "2215"]
[BlackElo "2340"]
[PlyCount "111"]
[EventDate "1980.??.??"]
[EventType "swiss"]
[EventRounds "10"]
[EventCountry "DEN"]
[SourceDate "2004.01.01"]

1. e4 e6 2. d4 d5 3. Nd2 c5 4. Ngf3 Ne7 5. dxc5 dxe4 6. Nxe4 Qxd1+ 7. Kxd1 Nec6
8. Bf4 f6 9. Nd6+ Bxd6 10. Bxd6 e5 11. c3 Bf5 12. Nh4 Be6 13. Bd3 Nd7 14. Bf5
Nd8 15. Kc2 g5 16. Bxe6 Nxe6 17. Nf5 Ndxc5 18. Bxc5 Nxc5 19. b4 Ne6 20. Nd6+
Ke7 21. Nxb7 Rab8 22. Na5 Rhc8 23. a3 Nf4 24. g3 Ne2 25. c4 Nd4+ 26. Kb2 h5 27.
h4 g4 28. Rad1 Ke6 29. Rhe1 Nf3 30. Re3 f5 31. Red3 f4 32. Rd6+ Kf5 33. Nc6
fxg3 34. fxg3 Rb7 35. b5 Ke4 36. Rd7 Rb6 37. Kc3 a6 38. a4 axb5 39. axb5 Ke3
40. Rh7 Kf2 41. Na7 Rcb8 42. Kb4 e4 43. c5 e3 44. cxb6 e2 45. Rc1 Rxb6 46. Kc5
Rb8 47. Nc6 Re8 48. b6 e1=Q 49. Rxe1 Nxe1 50. b7 Kxg3 51. Re7 Rg8 52. Rxe1 Kf2
53. Rd1 g3 54. Nd8 Ke2 55. b8=Q Kxd1 56. Qb3+ 1-0

[Event "2. Copenhagen Open Politiken Cup"]
[Site "Brndby"]
[Date "1980.??.??"]
[Round "9"]
[White "Bednarski, Jacek"]
[Black "Smyslov, Vassily"]
[Result "1/2-1/2"]
[WhiteElo "2385"]
[BlackElo "2550"]
[PlyCount "36"]
[EventDate "1980.??.??"]
[EventType "swiss"]
[EventRounds "10"]
[EventCountry "DEN"]
[SourceDate "2004.01.01"]

1. e4 e5 2. Nf3 Nc6 3. Bb5 a6 4. Bxc6 dxc6 5. O-O f6 6. d4 Bg4 7. dxe5 Qxd1 8.
Rxd1 Bxf3 9. gxf3 fxe5 10. Rd3 Nf6 11. Nd2 Nd7 12. Nc4 Be7 13. Be3 O-O-O 14.
Rad1 Rhe8 15. Kf1 Bf6 16. Na5 Nf8 17. Rxd8+ Rxd8 18. Rxd8+ Bxd8 1/2-1/2

[Event "2. Copenhagen Open Politiken Cup"]
[Site "Brndby"]
[Date "1980.??.??"]
[Round "9"]
[White "Brinck Claussen, Bjorn"]
[Black "Sorensen, Bent"]
[Result "1-0"]
[WhiteElo "2370"]
[BlackElo "2245"]
[PlyCount "115"]
[EventDate "1980.??.??"]
[EventType "swiss"]
[EventRounds "10"]
[EventCountry "DEN"]
[SourceDate "2004.01.01"]

1. d4 f5 2. g3 Nf6 3. Bg2 g6 4. b3 Bg7 5. Bb2 O-O 6. Nd2 d6 7. c4 e5 8. dxe5
Ng4 9. Qc2 Nxe5 10. Ngf3 Nbc6 11. O-O f4 12. Nxe5 Nxe5 13. Nf3 Qe7 14. Rad1 Rb8
15. Rfe1 Bf5 16. Qd2 fxg3 17. hxg3 Kh8 18. Nxe5 Bxe5 19. Qe3 Rfe8 20. Bxe5+
Qxe5 21. Qxa7 Bc2 22. Rd5 Qc3 23. Qa5 Qxa5 24. Rxa5 Ra8 25. Rb5 Rxa2 26. Rxb7
Re7 27. Bd5 Rb2 28. b4 Bd3 29. b5 Kg7 30. e3 Kf6 31. Rd1 Bf5 32. Rd4 g5 33. Bf3
Rb4 34. Bd5 Bc8 35. Rb8 Be6 36. Bxe6 Rxe6 37. Rf8+ Kg7 38. Rc8 Re7 39. Rd5 h6
40. c5 Rxb5 41. cxd6 Rb1+ 42. Kg2 cxd6 43. Rxd6 Rb5 44. g4 Rb4 45. Kg3 Rb1 46.
Kg2 Rb4 47. f3 Ra7 48. Rcc6 Rb1 49. Rg6+ Kf7 50. Rcf6+ Ke7 51. Ra6 Rxa6 52.
Rxa6 h5 53. gxh5 Re1 54. h6 Kf7 55. Ra7+ Kg8 56. Rg7+ Kh8 57. Re7 Rc1 58. Re5
1-0

[Event "2. Copenhagen Open Politiken Cup"]
[Site "Brndby"]
[Date "1980.??.??"]
[Round "9"]
[White "Fedder, Steen"]
[Black "Mestel, Jonathan"]
[Result "1-0"]
[WhiteElo "2410"]
[BlackElo "2485"]
[PlyCount "109"]
[EventDate "1980.??.??"]
[EventType "swiss"]
[EventRounds "10"]
[EventCountry "DEN"]
[SourceDate "2004.01.01"]

1. d4 Nf6 2. c4 d6 3. Nc3 Bf5 4. f3 e5 5. e4 exd4 6. Qxd4 Nc6 7. Qd2 Bg6 8. Nh3
Be7 9. Be2 Nd7 10. Nd5 Bf6 11. Nhf4 Bd4 12. h4 h6 13. Nxg6 fxg6 14. Qf4 Nce5
15. Qg3 c6 16. Nc3 O-O 17. f4 Qb6 18. Qh3 Rad8 19. fxe5 Bxc3+ 20. bxc3 Qf2+ 21.
Kd1 dxe5 22. Qe3 Nc5+ 23. Kc2 Rd3 24. Qxf2 Rxf2 25. Re1 Rg3 26. Ba3 Nxe4 27.
Kb3 Rxc3+ 28. Kb4 Rxg2 29. Bf1 a5+ 30. Kxa5 Rxa3+ 31. Kb4 Rgg3 32. Rxe4 Raf3
33. c5 Rf4 34. Bc4+ Kh7 35. Rxe5 Rxh4 36. Rc1 Rg2 37. Ka5 Rgg4 38. Kb4 Rg2 39.
Ka3 Rg3+ 40. Bb3 Rgg4 41. Re7 Rb4 42. Rf1 Rb5 43. Re5 h5 44. Rg5 Kh6 45. Rfg1
Ra5+ 46. Kb2 Rg4 47. R5xg4 hxg4 48. Rxg4 Rxc5 49. a4 Re5 50. Bc2 g5 51. Re4
Rxe4 52. Bxe4 g4 53. Kc3 Kg5 54. a5 Kf4 55. Kd3 1-0

[Event "2. Copenhagen Open Politiken Cup"]
[Site "Brndby"]
[Date "1980.??.??"]
[Round "9"]
[White "Finnlaugsson, Gunnar"]
[Black "Jacobsen, Bo"]
[Result "0-1"]
[WhiteElo "2275"]
[BlackElo "2370"]
[PlyCount "112"]
[EventDate "1980.??.??"]
[EventType "swiss"]
[EventRounds "10"]
[EventCountry "DEN"]
[SourceDate "2004.01.01"]

1. e4 e5 2. Nf3 Nc6 3. Bb5 Nf6 4. O-O Nxe4 5. d4 Be7 6. Qe2 Nd6 7. Bxc6 bxc6 8.
dxe5 Nb7 9. c4 Nc5 10. Nc3 Ne6 11. Ne4 c5 12. b3 Bb7 13. Bb2 a5 14. Nfd2 g5 15.
Rae1 h6 16. Qe3 Rg8 17. Qh3 Rg6 18. Qf5 Qb8 19. Nf6+ Bxf6 20. exf6 Qa7 21. Nf3
Bxf3 22. Qxf3 O-O-O 23. Qf5 Qb6 24. Qd5 Qb7 25. Rd1 Nf4 26. Qxb7+ Kxb7 27. Rfe1
Ne6 28. a3 Kc6 29. Rd3 Rb8 30. Ba1 a4 31. bxa4 Ra8 32. g3 Rxa4 33. Red1 d6 34.
Rc1 g4 35. Kg2 Ng5 36. Re3 Nh7 37. Re7 Nxf6 38. Rxf7 Ne4 39. Bb2 h5 40. Rf4 Nd2
41. h3 gxh3+ 42. Kxh3 Rg4 43. Rf7 Nxc4 44. Bf6 Rxa3 45. Bh4 d5 46. Rf5 Nd6 47.
Rxh5 Rg8 48. Be7 c4 49. Rd1 Rd3 50. Ra1 c3 51. Kg2 Ne4 52. Rf5 Kb5 53. Rb1+ Kc6
54. Rc1 Rd2 55. Bf6 Rxg3+ 56. Kf1 Rgd3 0-1

[Event "2. Copenhagen Open Politiken Cup"]
[Site "Brndby"]
[Date "1980.??.??"]
[Round "9"]
[White "Hoi, Carsten"]
[Black "Fuller, Maxwell"]
[Result "0-1"]
[WhiteElo "2410"]
[BlackElo "2355"]
[PlyCount "108"]
[EventDate "1980.??.??"]
[EventType "swiss"]
[EventRounds "10"]
[EventCountry "DEN"]
[SourceDate "2004.01.01"]

1. d4 Nf6 2. c4 g6 3. Nc3 Bg7 4. e4 d6 5. f3 O-O 6. Be3 Nbd7 7. Qd2 c5 8. Nge2
a6 9. d5 Rb8 10. a4 Qa5 11. Nc1 Ne5 12. Be2 Bd7 13. Ra3 Qc7 14. h3 Nxc4 15.
Bxc4 b5 16. Be2 b4 17. Ra2 bxc3 18. bxc3 Nh5 19. O-O Qa5 20. Ra3 Ng3 21. Re1
Nxe2+ 22. Nxe2 Rb7 23. Bh6 Bxh6 24. Qxh6 Rfb8 25. Qg5 Rb1 26. Rxb1 Rxb1+ 27.
Kh2 f6 28. Qg3 Qb6 29. Ra2 Rf1 30. Qf4 Qb1 31. Ng3 Rxf3 32. Qxf3 Qxa2 33. h4
Qd2 34. a5 h5 35. Nf1 Qe1 36. Ng3 Kg7 37. Qd3 Bb5 38. c4 Ba4 39. Qf3 Qd2 40.
Qa3 Bd1 41. Qa1 Bf3 42. Qf1 Bd1 43. Nh1 Bb3 44. Nf2 Qf4+ 45. Kg1 Qe3 46. Kh2
Qd4 47. Qb1 Bxc4 48. Qb7 Qe5+ 49. g3 g5 50. Kg2 Be2 51. Qc8 g4 52. Qb7 f5 53.
Qb3 Bf3+ 54. Kh2 f4 0-1

[Event "2. Copenhagen Open Politiken Cup"]
[Site "Brndby"]
[Date "1980.??.??"]
[Round "9"]
[White "Holm, Sejer"]
[Black "Hvenekilde, Jorgen"]
[Result "1/2-1/2"]
[WhiteElo "2395"]
[BlackElo "2235"]
[PlyCount "93"]
[EventDate "1980.??.??"]
[EventType "swiss"]
[EventRounds "10"]
[EventCountry "DEN"]
[SourceDate "2004.01.01"]

1. d4 d6 2. e4 g6 3. Nf3 Bg7 4. Be2 Nd7 5. c4 e5 6. O-O exd4 7. Nxd4 Ngf6 8.
Nc3 O-O 9. Bg5 h6 10. Be3 Re8 11. f3 c6 12. Qd2 Kh7 13. Rad1 Nb6 14. b3 d5 15.
c5 Nbd7 16. exd5 Nxd5 17. Nxd5 cxd5 18. Bb5 a6 19. Ba4 Re7 20. Nc2 Nf6 21. Bd4
Be6 22. b4 Rc7 23. Be5 Rcc8 24. Qd4 Nh5 25. Bxg7 Nxg7 26. Ne3 Nf5 27. Nxf5 Bxf5
28. Bb3 a5 29. Bxd5 Qc7 30. g4 Bc2 31. Rc1 Ba4 32. a3 Rd8 33. Qc4 axb4 34. axb4
Bb5 35. Qxb5 Rxd5 36. Qe2 Rad8 37. Rc2 Rd4 38. b5 Qf4 39. Rf2 h5 40. c6 bxc6
41. bxc6 hxg4 42. fxg4 Qg5 43. h3 Rd1+ 44. Kg2 R8d3 45. Qe4 f5 46. Qe6 Qh4 47.
Qf7+ 1/2-1/2

[Event "2. Copenhagen Open Politiken Cup"]
[Site "Brndby"]
[Date "1980.??.??"]
[Round "9"]
[White "Jakobsen, Ole"]
[Black "Mortensen, Erling"]
[Result "0-1"]
[WhiteElo "2410"]
[BlackElo "2400"]
[PlyCount "86"]
[EventDate "1980.??.??"]
[EventType "swiss"]
[EventRounds "10"]
[EventCountry "DEN"]
[SourceDate "2004.01.01"]

1. d4 Nf6 2. c4 g6 3. Nc3 Bg7 4. e4 d6 5. f3 Nc6 6. Be3 a6 7. Nge2 Rb8 8. Nc1
e5 9. Nb3 exd4 10. Nxd4 O-O 11. Be2 Ne5 12. O-O c5 13. Nb3 Be6 14. Nd2 Qa5 15.
a4 Qb4 16. Qc1 Nc6 17. Ra3 Nd4 18. Bd3 Qa5 19. Nb3 Qb6 20. Qd1 Nd7 21. f4 f5
22. exf5 gxf5 23. Re1 Rbe8 24. Bf1 Bf7 25. a5 Qd8 26. Nd5 Bxd5 27. cxd5 Nb5 28.
Ra2 Nf6 29. h3 Ne4 30. Nd2 Qh4 31. Nf3 Qg3 32. Bxb5 axb5 33. Qe2 b4 34. a6 bxa6
35. Rxa6 Kh8 36. Qc2 Rg8 37. Kf1 Bh6 38. b3 Bxf4 39. Ra7 Bxe3 40. Rxe3 Rg7 41.
Qb2 Kg8 42. Nh4 Qf4+ 43. Rf3 Nd2+ 0-1

[Event "2. Copenhagen Open Politiken Cup"]
[Site "Brndby"]
[Date "1980.??.??"]
[Round "9"]
[White "Jensen, Allan Astrup"]
[Black "Brondum, Eric"]
[Result "1/2-1/2"]
[WhiteElo "2245"]
[BlackElo "2315"]
[PlyCount "209"]
[EventDate "1980.??.??"]
[EventType "swiss"]
[EventRounds "10"]
[EventCountry "DEN"]
[SourceDate "2004.01.01"]

1. e4 c5 2. Nf3 Nf6 3. e5 Nd5 4. c3 e6 5. a3 d6 6. d4 cxd4 7. cxd4 Nc6 8. Bd3
Be7 9. O-O O-O 10. Qe2 f5 11. exf6 Bxf6 12. Rd1 Qe8 13. Nc3 Qh5 14. Ne4 Be7 15.
Ng3 Qf7 16. Qc2 g6 17. Bh6 Rd8 18. Qd2 Bd7 19. Ne4 Kh8 20. Re1 Re8 21. Rad1 Qg8
22. Bb1 Nd8 23. Bg5 Bxg5 24. Qxg5 Nf7 25. Qh4 Ba4 26. Rd2 Qg7 27. Nfg5 Nxg5 28.
Qxg5 Rad8 29. Rd3 Bc6 30. Rh3 e5 31. dxe5 dxe5 32. Rh4 Rf8 33. Nc5 Rd6 34. Ne4
Rd7 35. Qg4 Rf4 36. Qh3 Rxh4 37. Qxh4 Nf4 38. Qg4 Rd8 39. h4 Rf8 40. Ng5 Nxg2
41. Rc1 Nf4 42. Be4 Bxe4 43. Nxe4 Qe7 44. Rd1 h5 45. Rd7 Qe8 46. Qd1 Ne2+ 47.
Kf1 Nd4 48. Rxd4 exd4 49. Qxd4+ Kh7 50. Nf6+ Rxf6 51. Qxf6 Qd7 52. Ke1 Qg7 53.
Qd6 Qxb2 54. Qe7+ Qg7 55. Qd6 Qf7 56. Qb4 Qe6+ 57. Kf1 Qd7 58. Ke1 a6 59. f3
Qc7 60. Kf2 b5 61. Kg2 Kg8 62. Qe4 Qd6 63. Qe8+ Kg7 64. Qe3 Kf7 65. Qc3 Ke6 66.
Qe3+ Kd5 67. Qe4+ Kc5 68. Qb4+ Kc6 69. Qa5 Kb7 70. Qc3 Kb6 71. Qe3+ Ka5 72. Qb3
Qd2+ 73. Kh3 Qf4 74. Qd1 Qe3 75. Kg3 Qxa3 76. Qd8+ Ka4 77. Qd1+ Qb3 78. Qa1+
Kb4 79. Qxa6 Qd1 80. Qa2 Qe1+ 81. Kh3 Qc1 82. Kg2 Qc6 83. Qb2+ Ka5 84. Qa3+ Kb6
85. Qe3+ Kc7 86. Qe7+ Qd7 87. Qe5+ Kb7 88. Qe4+ Qc6 89. Qe7+ Kb6 90. Qe3+ Qc5
91. Qe6+ Ka5 92. Qa2+ Kb4 93. Qb2+ Kc4 94. Qc2+ Kd4 95. Qd2+ Kc4 96. Qc2+ Kb4
97. Qb2+ Ka5 98. Qa2+ Kb6 99. Qe6+ Kc7 100. Qf7+ Kd8 101. Qf6+ Kd7 102. Qf7+
Qe7 103. Qd5+ Kc7 104. Qxb5 Qxh4 105. Qe5+ 1/2-1/2

[Event "2. Copenhagen Open Politiken Cup"]
[Site "Brndby"]
[Date "1980.??.??"]
[Round "9"]
[White "Mikhalchishin, Adrian"]
[Black "Csom, Istvan"]
[Result "1-0"]
[WhiteElo "2490"]
[BlackElo "2510"]
[PlyCount "41"]
[EventDate "1980.??.??"]
[EventType "swiss"]
[EventRounds "10"]
[EventCountry "DEN"]
[SourceDate "2004.01.01"]

1. e4 c5 2. Nf3 Nc6 3. d4 cxd4 4. Nxd4 Nf6 5. Nc3 d6 6. Bg5 e6 7. Qd2 a6 8.
O-O-O h6 9. Be3 Qc7 10. f4 Be7 11. Be2 Na5 12. e5 dxe5 13. fxe5 Nd5 14. Nxe6
Bxe6 15. Nxd5 Bxd5 16. Qxd5 Rc8 17. c3 O-O 18. Bd3 Rfe8 19. e6 Bf8 20. exf7+
Qxf7 21. Bh7+ 1-0

[Event "2. Copenhagen Open Politiken Cup"]
[Site "Brndby"]
[Date "1980.??.??"]
[Round "9"]
[White "Moe, Mogens"]
[Black "Bjerring, Kai"]
[Result "1/2-1/2"]
[WhiteElo "2370"]
[BlackElo "2330"]
[PlyCount "38"]
[EventDate "1980.??.??"]
[EventType "swiss"]
[EventRounds "10"]
[EventCountry "DEN"]
[SourceDate "2004.01.01"]

1. e4 Nf6 2. e5 Nd5 3. d4 d6 4. Nf3 g6 5. c4 Nb6 6. exd6 cxd6 7. Be3 Bg7 8. Nc3
O-O 9. Be2 Bg4 10. O-O Nc6 11. c5 dxc5 12. dxc5 Bxf3 13. cxb6 Qxd1 14. Bxd1
Bxd1 15. Rfxd1 axb6 16. Rd7 b5 17. Rxb7 b4 18. Nd1 Rfd8 19. Kf1 e6 1/2-1/2

[Event "2. Copenhagen Open Politiken Cup"]
[Site "Brndby"]
[Date "1980.??.??"]
[Round "9"]
[White "Nicholson, John"]
[Black "Kovacs, Laszlo"]
[Result "1/2-1/2"]
[WhiteElo "2305"]
[BlackElo "2340"]
[PlyCount "117"]
[EventDate "1980.??.??"]
[EventType "swiss"]
[EventRounds "10"]
[EventCountry "DEN"]
[SourceDate "2004.01.01"]

1. e4 e5 2. Nf3 Nc6 3. Bb5 g6 4. d4 exd4 5. Bg5 Be7 6. Bxe7 Qxe7 7. O-O Qb4 8.
Bd3 d6 9. Na3 a6 10. Nc4 Nge7 11. Qc1 Be6 12. a3 Qc5 13. b4 Qh5 14. Qb2 O-O 15.
Nxd4 Nxd4 16. Qxd4 Nc6 17. Qf6 Bxc4 18. Bxc4 Ne5 19. Bd5 c6 20. Bb3 Qxh2+ 21.
Kxh2 Ng4+ 22. Kg3 Nxf6 23. f3 Rad8 24. c4 Rfe8 25. Rad1 Kf8 26. Kf2 Ke7 27. g4
a5 28. Rfe1 axb4 29. axb4 Nd7 30. f4 f6 31. Rh1 Nf8 32. Rh3 Ra8 33. Rhd3 Red8
34. Kf3 b6 35. Re3 Ne6 36. e5 fxe5 37. fxe5 c5 38. bxc5 bxc5 39. exd6+ Rxd6 40.
Rh1 Kf6 41. Kg3 Nd4 42. Rf1+ Kg7 43. Bd1 Ra7 44. Rfe1 h6 45. Re5 Ra3+ 46. Kg2
g5 47. Rxc5 Ne6 48. Rb5 Rc3 49. c5 Nxc5 50. Bf3 Ne6 51. Rb7+ Kf6 52. Rh1 h5 53.
gxh5 Rd2+ 54. Kg3 Rdd3 55. Rf1 Nd4 56. Kg4 Rxf3 57. Rb6+ Ke5 58. Rxf3 Nxf3 59.
h6 1/2-1/2

[Event "2. Copenhagen Open Politiken Cup"]
[Site "Brndby"]
[Date "1980.??.??"]
[Round "9"]
[White "Plachetka, Jan"]
[Black "Poulsen, Allan"]
[Result "0-1"]
[WhiteElo "2480"]
[BlackElo "2350"]
[PlyCount "58"]
[EventDate "1980.??.??"]
[EventType "swiss"]
[EventRounds "10"]
[EventCountry "DEN"]
[SourceDate "2004.01.01"]

1. e4 c5 2. Nf3 d6 3. Nc3 Nf6 4. d4 cxd4 5. Nxd4 a6 6. Be3 e5 7. Nf3 Qc7 8. Bg5
Nbd7 9. a4 h6 10. Be3 Nb6 11. Nd2 Be6 12. a5 Nbd7 13. Be2 Rc8 14. O-O d5 15.
exd5 Nxd5 16. Nxd5 Bxd5 17. Bf3 Nf6 18. Bb6 Qxc2 19. Rc1 Qxc1 20. Qxc1 Rxc1 21.
Rxc1 e4 22. Be2 Kd7 23. Rc7+ Ke6 24. Rc8 Rg8 25. f3 exf3 26. Nxf3 Bb4 27. Nd4+
Ke5 28. Rc7 Bd6 29. Bf3 Bxc7 0-1

[Event "2. Copenhagen Open Politiken Cup"]
[Site "Brndby"]
[Date "1980.??.??"]
[Round "9"]
[White "Ravikumar, Vaidyanathan"]
[Black "Roth, Rolf"]
[Result "1-0"]
[WhiteElo "2305"]
[BlackElo "2380"]
[PlyCount "77"]
[EventDate "1980.??.??"]
[EventType "swiss"]
[EventRounds "10"]
[EventCountry "DEN"]
[SourceDate "2004.01.01"]

1. c4 Nf6 2. Nc3 c6 3. e4 d5 4. cxd5 cxd5 5. e5 d4 6. exf6 dxc3 7. bxc3 gxf6 8.
d4 Qa5 9. Bd2 Nc6 10. Nf3 Bg4 11. Be2 O-O-O 12. c4 Qa3 13. d5 Nb4 14. O-O e5
15. Rb1 e4 16. Nd4 Bd7 17. Bg4 Nd3 18. Bxd7+ Rxd7 19. Qg4 Nc5 20. Bb4 Qa6 21.
Nb5 Qb6 22. Nc3 f5 23. Qxf5 Qg6 24. Qxg6 hxg6 25. Bxc5 Bxc5 26. Nxe4 Bd4 27. g3
f5 28. Ng5 Bf6 29. Ne6 Rd6 30. Rfe1 Ra6 31. Re2 Re8 32. h4 b6 33. Rc2 Be7 34.
Kg2 Kd7 35. Rh1 Bd6 36. h5 gxh5 37. Rxh5 Rxe6 38. dxe6+ Kxe6 39. Rh6+ 1-0

[Event "2. Copenhagen Open Politiken Cup"]
[Site "Brndby"]
[Date "1980.??.??"]
[Round "9"]
[White "Rayner, Francis"]
[Black "Akesson, Ralf"]
[Result "0-1"]
[WhiteElo "2370"]
[BlackElo "2230"]
[PlyCount "72"]
[EventDate "1980.??.??"]
[EventType "swiss"]
[EventRounds "10"]
[EventCountry "DEN"]
[SourceDate "2004.01.01"]

1. Nf3 f5 2. g3 Nf6 3. Bg2 g6 4. O-O Bg7 5. d4 O-O 6. c4 d6 7. Nc3 c6 8. Qc2
Qc7 9. d5 cxd5 10. cxd5 Ne4 11. Bd2 Na6 12. Rac1 Nxd2 13. Qxd2 Qb6 14. b3 Bd7
15. Ng5 Nc5 16. Ne6 Bxe6 17. dxe6 Qb4 18. Rfd1 Bxc3 19. Qxc3 a5 20. Qe3 Qa3 21.
Bd5 Rac8 22. Rc4 Qxa2 23. b4 Qa4 24. Rdc1 axb4 25. Qg5 b5 26. Qxe7 bxc4 27.
Qxd6 Rf6 28. Qe5 Kg7 29. Ra1 Qxa1+ 30. Qxa1 c3 31. e4 c2 32. e5 Rxe6 33. Bxe6
Nxe6 34. Qc1 Nd4 35. Kg2 Ne2 36. Qg5 Rf8 0-1

[Event "2. Copenhagen Open Politiken Cup"]
[Site "Brndby"]
[Date "1980.??.??"]
[Round "9"]
[White "Welin, Thomas"]
[Black "Morris, Walter"]
[Result "0-1"]
[WhiteElo "2215"]
[BlackElo "2380"]
[PlyCount "58"]
[EventDate "1980.??.??"]
[EventType "swiss"]
[EventRounds "10"]
[EventCountry "DEN"]
[SourceDate "2004.01.01"]

1. c4 Nf6 2. Nc3 g6 3. e4 d6 4. d4 Bg7 5. Be2 O-O 6. Bg5 c5 7. d5 Qa5 8. Bd2 e6
9. Nf3 exd5 10. cxd5 a6 11. O-O Bg4 12. a4 Qc7 13. Qc2 Nbd7 14. h3 Bxf3 15.
Bxf3 Rfe8 16. a5 Re7 17. Ra4 Rae8 18. g3 Rf8 19. Bg2 Ne8 20. Nd1 Ndf6 21. Ne3
Nd7 22. f4 Qb8 23. Kh2 Nc7 24. Bc3 f6 25. h4 Nb5 26. Qd3 Qe8 27. Nc4 f5 28. e5
Nxc3 29. Nxd6 Nxe5 0-1

[Event "2. Copenhagen Open Politiken Cup"]
[Site "Brndby"]
[Date "1980.??.??"]
[Round "10"]
[White "Brinck Claussen, Bjorn"]
[Black "Iskov, Gert"]
[Result "1-0"]
[WhiteElo "2370"]
[BlackElo "2400"]
[PlyCount "85"]
[EventDate "1980.??.??"]
[EventType "swiss"]
[EventRounds "10"]
[EventCountry "DEN"]
[SourceDate "2004.01.01"]

1. d4 d5 2. c4 e6 3. Nc3 c6 4. Nf3 Nf6 5. Bg5 dxc4 6. e4 b5 7. e5 h6 8. Bh4 g5
9. Nxg5 hxg5 10. Bxg5 Nbd7 11. g3 Bb7 12. Bg2 Qb6 13. exf6 c5 14. d5 b4 15. Na4
Qd6 16. Bf4 Qa6 17. O-O O-O-O 18. dxe6 Qxe6 19. Bxb7+ Kxb7 20. a3 Bh6 21. Qxd7+
Qxd7 22. Nxc5+ Kc6 23. Nxd7 Bxf4 24. gxf4 Rxd7 25. axb4 Kb5 26. Rfe1 Rd6 27.
Rxa7 Rxf6 28. Re5+ Kb6 29. Raa5 Rxf4 30. Reb5+ Kc6 31. Rf5 Rg4+ 32. Kf1 Rxh2
33. Rf6+ Kd7 34. Ra7+ Ke8 35. Rfxf7 Rd4 36. Rfe7+ Kf8 37. Rec7 Rd8 38. Rxc4
Rh1+ 39. Kg2 Rb1 40. Rc2 Re1 41. Rcc7 Re2 42. Rh7 Kg8 43. Rag7+ 1-0

[Event "2. Copenhagen Open Politiken Cup"]
[Site "Brndby"]
[Date "1980.??.??"]
[Round "10"]
[White "Brondum, Eric"]
[Black "Angantysson, Haukur"]
[Result "0-1"]
[WhiteElo "2315"]
[BlackElo "2425"]
[PlyCount "64"]
[EventDate "1980.??.??"]
[EventType "swiss"]
[EventRounds "10"]
[EventCountry "DEN"]
[SourceDate "2004.01.01"]

1. d4 Nf6 2. c4 e6 3. Nf3 c5 4. d5 b5 5. dxe6 fxe6 6. cxb5 d5 7. Bg5 Be7 8.
Nbd2 Nbd7 9. Qc2 Qa5 10. e3 O-O 11. Be2 a6 12. a4 c4 13. O-O axb5 14. Nd4 bxa4
15. Nxe6 Re8 16. e4 Ne5 17. Bxf6 Bxf6 18. exd5 Bb7 19. Ne4 Qxd5 20. Nxf6+ gxf6
21. Nf4 Qe4 22. Qxe4 Bxe4 23. Bd1 Nd3 24. Nh5 Re6 25. Rxa4 Rxa4 26. Bxa4 Bg6
27. Bb5 Nxb2 28. Nf4 Rb6 29. Bd7 c3 30. h4 c2 31. Re1 Nd3 32. Nxd3 Bxd3 0-1

[Event "2. Copenhagen Open Politiken Cup"]
[Site "Brndby"]
[Date "1980.??.??"]
[Round "10"]
[White "Csom, Istvan"]
[Black "Ravikumar, Vaidyanathan"]
[Result "1-0"]
[WhiteElo "2510"]
[BlackElo "2305"]
[PlyCount "105"]
[EventDate "1980.??.??"]
[EventType "swiss"]
[EventRounds "10"]
[EventCountry "DEN"]
[SourceDate "2004.01.01"]

1. d4 Nf6 2. c4 c5 3. d5 e5 4. Nc3 d6 5. g3 g6 6. Bg2 Bg7 7. Nf3 O-O 8. O-O
Nbd7 9. Ne1 a6 10. a4 Ne8 11. e4 f5 12. Nd3 Nef6 13. f3 Rb8 14. Bd2 h6 15. Qc2
Nh5 16. a5 f4 17. g4 Nhf6 18. Na4 Rf7 19. b4 Bf8 20. Bc3 cxb4 21. Bxb4 h5 22.
g5 Ng4 23. fxg4 hxg4 24. h4 Rh7 25. Be1 g3 26. Nxf4 exf4 27. Rxf4 Bg7 28. Bc3
Be5 29. Bxe5 dxe5 30. Rf3 Rxh4 31. Qc3 Qxg5 32. Rxg3 Qh5 33. Rf1 Nf8 34. Qe3
Bg4 35. Nb6 Nh7 36. c5 Ng5 37. c6 bxc6 38. dxc6 Nh3+ 39. Bxh3 Rxh3 40. Rxh3
Bxh3 41. Qb3+ Kh8 42. Rf3 Bg4 43. Rf2 Qg5 44. Qg3 Rd8 45. Nd7 Kg7 46. Rf1 Rh8
47. Qxe5+ Qxe5 48. Nxe5 Be6 49. c7 Rc8 50. Rc1 Kf6 51. Nd3 Ke7 52. Nb4 Ra8 53.
Nc6+ 1-0